Ankara nazım plan çalışmaları (Record no. 5940)

MARC details
000 -BAŞLIK
Sabit Uzunlukta Kontrol Alanı 00749na a2200217 4500
001 - KONTROL NUMARASI
Denetim Alanı 18979
003 - KONTROL NUMARASI IDENTIFIER
Denetim Alanı MIRAKIL
005 - SON İŞLEM TARİHİ VE ZAMANI
Denetim Alanı 20181213155051.0
008 - SABİT-BOY VERİ ELEMANLARI - GENEL BİLGİLER
Sabit Uzunlukta Kontrol Alanı 161206b tu 000 0
040 ## - KATALOGLAMA KAYNAK
Orijinal Kataloglama Ajansı Milas
Kataloglama Dili tur
Metne Dönüştürmek Ajansı TR-AnCHP
041 ## - DİL KODU
Metin / Ses Parça Veya Ayrı Başlığın Dil Kodu tur
082 ## - DEWEY ONLU SINIFLANDIRMA NUMARASI
Sınıflandırma Numarası 711.4356511
Ürün Numarası A54 1970
090 ## - SINIFLAMA NUMARASI
Sınıflama Numarası 711.4356511 A54 1970
245 ## - BAŞLIK TABLOSU
Başlık Ankara nazım plan çalışmaları
Sorumluluk Tablosu, Vb İmar ve İskan Bakanlığı Ankara Metropoliten Alan Nazım Plan Bürosu
260 ## - YAYIN, DAĞITIM, VB
Yayın, Dağıtım, Vb Yeri [y.y.]
Yayıncı, Dağıtıcı, Vs Adı İmar ve İskan Bakanlığı Ankara Metropoliten Alan Nazım Plan Bürosu
Yayın, Dağıtım, Vb Tarihi 1970
300 ## - FİZİKSEL TANIM
Kapsam 34 s.
Diğer Fiziksel Ayrıntıları hrt.; res.; çizim; plan; tbl.
Boyutlar 28 sm.
650 ## - KONU KATMA GİRİŞ - TOPİKAL DÖNEM
Topikal Süreli Veya Coğrafi Ad Giriş Elemanı Metropol kentler
Coğrafi Alt Bölümü Ankara
650 ## - KONU KATMA GİRİŞ - TOPİKAL DÖNEM
Topikal Süreli Veya Coğrafi Ad Giriş Elemanı Kent planlaması
Coğrafi Alt Bölümü Ankara
710 ## - KATMA GİRİŞ - KURUMSAL ADI
Giriş Elemanı Olarak Kurumsal Ad Veya Yargı Alanı Adı İmar ve İskan Bakanlığı
942 ## - EKLENDİ GİRİŞ ELEMANLARI (KOHA)
Sınıflandırma Veya Raf Düzeni Kaynak Dewey Decimal Classification
Koha Öğesi Türü Books
999 ## - SİSTEM KONTROL NUMARALARI (KOHA)
Koha Biblionumber 5940
Koha Biblioitemnumber 5940
Holdings
Kalıcı Konum Mevcut Konum Edinme Tarihi Edinim Kaynak Toplam Check-Out'Lar Tam Çağrı Numarası Barkod Tarih Son Görülme İtibaren Geçerli Fiyatlar Koha Öğesi Türü
CHP Kütüphanesi CHP Kütüphanesi 12/06/2016 Bağış   711.4356511 A54 1970 008916 12/06/2016 12/06/2016 Books